Pakistan (Record no. 2655)

MARC details
000 -LEADER
fixed length control field 00611nam a2200241 a 4500
020 ## - INTERNATIONAL STANDARD BOOK NUMBER
ISBN
082 00 - DEWEY DECIMAL CLASSIFICATION NUMBER
Classification number 954.91
Author Cutter LIA
100 ## - MAIN ENTRY--AUTHOR NAME
Author name Liaquat, Ali Khan
245 ## - TITLE STATEMENT
Title Pakistan
Sub title the Heart of Asia
260 ## - PUBLICATION, DISTRIBUTION, ETC. (IMPRINT)
Place of publication Cambridge
Name of publisher Harvard University Press
Year of publication 1950
300 ## - PHYSICAL DESCRIPTION
Number of Pages 151p
500 ## - GENERAL NOTE
General note includes index and biblioraphy
505 2# - FORMATTED CONTENTS NOTE
Formatted contents note Select Bibliography Table of Dates
650 ## - SUBJECT ADDED ENTRY--TOPICAL TERM
Topical Term Pakistan
942 ## - ADDED ENTRY ELEMENTS (KOHA)
Koha item type Books
700 1# -
-- Liaquat, Ali Khan
Holdings
Home library Current library Date acquired Cost, normal purchase price Full call number Accession Number Koha item type
Henry Martyn Institute Library Henry Martyn Institute Library   147.00 954.91 LIA 929 Archive Book
Henry Martyn Institute Library Henry Martyn Institute Library   147.00 954.91 LIA 9271 Archive Book
                   Copyright © 2026 | Henry Martyn Institute | Hyderabad | TS-500052 | INDIA | Implemented by hmi.edu.in
Hit-Count:

Powered by Koha